Navegue en Internet con Netscape

Kaydedildi:
Detaylı Bibliyografya
Asıl Yazarlar: Tauber, Daniel A (Yazar), Kienan, Brenda (Yazar)
Materyal Türü: Kitap
Dil:İspanyolca
Baskı/Yayın Bilgisi: Ciudad de México McGraw-Hill 1996
Konular:
Etiketler: Etiketle
Etiket eklenmemiş, İlk siz ekleyin!

MARC

LEADER 00000nam a2200000 a 4500
001 UCU9386
003 CL-VaPUC
008 960816e19960000MX |||||||||||||||||spa|d
082 0 4 |a 004.6  |b TAU  |2 21 
100 0 |a Tauber, Daniel A  |e author  |9 368439 
700 0 |a Kienan, Brenda  |e author  |9 368440 
245 1 0 |a Navegue en Internet con Netscape 
300 |a 336 p 
942 |c BK 
945 |d 19960816 00:00:00  |a rbrito 
260 |a Ciudad de México  |b McGraw-Hill  |c 1996 
600 0 7 |a INTERNET  |2 CL-VaPUC  |9 368441 
600 0 7 |a NETSCAPE  |2 CL-VaPUC  |9 368442 
650 0 |a Redes de información  |9 230208 
650 0 |a Redes de computadores  |9 263293 
583 |a last modification  |c 19960816 00:00:00  |k Rodrigo Vera 
999 |c 251140  |d 251138 
952 |0 0  |1 0  |4 0  |6 004_600000000000000_TAU_1996  |7 0  |8 F  |9 270117  |a BIBING  |b BIBING  |d 2019-11-19  |i 3221768  |o 004.6 TAU 1996  |p 3221768  |r 2025-01-20  |w 2019-11-19  |y BK_F  |k EIQ